000 00998nam a2200217Ii 4500
003 JO-AjNU
008 230605s9999||||xx |||||||||||||| ||und||
020 _a1-56564-452-2
040 _aJO-AjNU
_bara
_erda
_cJO-AjNU
041 _aara
050 1 4 _aBP161.3 2011
100 3 _aتحرير ملكاوي، فتحي حسن,
_eauthor
_952429
245 0 0 _aبحوث المؤتمر الدولي حول الشيخ محمد الطاهر ابن عاشور وقضايا الإصلاح والتجديد في الفكر الإسلامي المعاصر رؤية معرفية و منهجية
250 _aط1
264 3 1 _aفيرجينيا: المعهد العالمي للفكر الاسلامي، 2011
300 _a680ص
_bالملاحق ص 645-672 ؛ كشاف الكتاب ص 673-678
336 _atext
_btxt
_2rdacontent
337 _aunmediated
_bn
_2rdamedia
338 _avolume
_bnc
_2rdacarrier
650 4 _aالفقهاء التونسيون- تراجم- الشيخ محمد الطاهر
_952430
999 _aA23224
_c26792
_d26792